| 000 | 00344 a2200145 4500 | ||
|---|---|---|---|
| 001 | 168899 | ||
| 020 | _a | ||
| 040 | _cMagnum | ||
| 100 | _aMcluhan, Marshall | ||
| 240 | 1 | 0 |
_aOs meios de comunicacao como extensao do homem _lpor |
| 245 | 1 | 0 | _aOs meios de comunicacao como extensao do homem |
| 362 | 0 | _a1899 | |
| 697 | _aGERAL | ||
| 942 | _cBK | ||
| 999 |
_c168899 _d168899 |
||